[Event "POL-chT 2nd League"]
[Site "Jastrzebia Gora"]
[Date "2023.09.10"]
[Round "9.31"]
[White "Sliwicka, Alicja"]
[Black "Lapaj, Mateusz"]
[Result "1-0"]
[WhiteElo "2321"]
[BlackElo "2218"]
[PlyCount "47"]
[EventDate "2023.09.02"]
[EventType "team-swiss"]
[EventRounds "9"]
[EventCountry "POL"]
[SourceTitle "EXT 2024"]
[Source "ChessBase"]
[SourceDate "2023.10.10"]
[SourceVersion "1"]
[SourceVersionDate "2023.10.10"]
[SourceQuality "1"]
[WhiteTeam "Torun UKS OPP"]
[BlackTeam "Jaworzno"]
[WhiteTeamCountry "POL"]
[BlackTeamCountry "POL"]

1. e4 e6 2. d4 d5 3. e5 c5 4. c3 Nc6 5. Nf3 Bd7 6. Be2 Qb6 7. 0-0 Nh6 8. dxc5 Bxc5 9. b4 Be7 10. Bf4 f6 11. c4 dxc4 12. Bxc4 Nf7 13. Nbd2 Ncxe5 14. Nxe5 fxe5 15. Be3 Qxb4 16. Rb1 Qa5 17. Qg4 b5 18. Bxe6 Qc7 19. Qf3 Bxe6 20. Qxa8+ Nd8 21. Rfc1 Qd7 22. Qxa7 Qxa7 23. Bxa7 b4 24. Bc5 1-0

[Event "POL-chT 2nd League"]
[Site "Jastrzebia Gora"]
[Date "2023.09.09"]
[Round "8.37"]
[White "Lapaj, Mateusz"]
[Black "Rudolf, Michal"]
[Result "1/2-1/2"]
[WhiteElo "2218"]
[BlackElo "2287"]
[PlyCount "21"]
[EventDate "2023.09.02"]
[EventType "team-swiss"]
[EventRounds "9"]
[EventCountry "POL"]
[SourceTitle "EXT 2024"]
[Source "ChessBase"]
[SourceDate "2023.10.10"]
[SourceVersion "1"]
[SourceVersionDate "2023.10.10"]
[SourceQuality "1"]
[WhiteTeam "Jaworzno"]
[BlackTeam "Warszawa YMCA"]
[WhiteTeamCountry "POL"]
[BlackTeamCountry "POL"]

1. e4 e6 2. d4 d5 3. Nc3 Nf6 4. e5 Nfd7 5. f4 c5 6. Nf3 Nc6 7. Be3 Be7 8. Qd2 0-0 9. Be2 a6 10. 0-0 b5 11. a3 1/2-1/2

[Event "EU-ch Rapid"]
[Site "Katowice"]
[Date "2022.12.18"]
[Round "8"]
[White "Jarmula, Lukasz"]
[Black "Lapaj, Mateusz"]
[Result "1-0"]
[WhiteElo "2469"]
[BlackElo "2223"]
[PlyCount "53"]
[EventDate "2022.12.17"]
[EventType "swiss (rapid)"]
[EventRounds "11"]
[EventCountry "POL"]
[SourceTitle "CBM 211 Extra"]
[Source "ChessBase"]
[SourceDate "2023.01.31"]
[SourceVersion "1"]
[SourceVersionDate "2023.01.31"]
[SourceQuality "1"]

1. e4 e6 2. d4 d5 3. e5 c5 4. c3 Nc6 5. Nf3 Bd7 6. Be2 f6 7. 0-0 Qc7 8. Re1 0-0-0 9. Bf1 h6 10. Na3 c4 11. Nb5 Qb6 12. Nd6+ Bxd6 13. exd6 Na5 14. b4 Nc6 15. a4 Nb8 16. b5 Qxd6 17. Ba3 Qc7 18. Qb1 h5 19. a5 Nh6 20. b6 axb6 21. axb6 Qc6 22. Bc5 Na6 23. Ra5 e5 24. dxe5 Bf5 25. Nd4 Bxb1 26. Nxc6 Nxc5 27. Nxd8 1-0

[Event "Warsaw Szansa op"]
[Site "Warsaw"]
[Date "2022.09.17"]
[Round "1"]
[White "Grzelak, Piotr"]
[Black "Lapaj, Mateusz"]
[Result "1/2-1/2"]
[WhiteElo "1580"]
[BlackElo "2216"]
[PlyCount "92"]
[EventDate "2022.09.17"]
[EventType "swiss (rapid)"]
[EventRounds "11"]
[EventCountry "POL"]
[SourceTitle "EXT 2023"]
[Source "ChessBase"]
[SourceDate "2022.10.05"]
[SourceVersion "1"]
[SourceVersionDate "2022.10.05"]
[SourceQuality "1"]

1. Nf3 Nf6 2. c4 g6 3. b3 Bg7 4. Bb2 0-0 5. g3 b6 6. Bg2 Bb7 7. 0-0 d6 8. d4 Nbd7 9. d5 e5 10. dxe6 fxe6 11. Nc3 Qe7 12. Qc2 a6 13. Rad1 Rae8 14. h3 Kh8 15. Nd4 Bxg2 16. Kxg2 e5 17. Nc6 Qf7 18. Nb4 Nc5 19. Nbd5 Ne6 20. Nxf6 Qxf6 21. Nd5 Qf7 22. b4 Qd7 23. Bc1 Nd4 24. Qe4 Rf7 25. Be3 Ref8 26. Bxd4 exd4 27. e3 dxe3 28. Nxe3 Re8 29. Qg4 Ref8 30. Qe4 Re8 31. Qg4 Qc6+ 32. Nd5 Rfe7 33. b5 axb5 34. cxb5 Qb7 35. Qc4 Qc6 36. Qg4 Qb7 37. Qc4 Rd7 38. Rfe1 Rf8 39. a4 Rdf7 40. Re2 h5 41. Qe4 Rf5 42. Kg1 Qb8 43. Ne7 Kh7 44. Nxf5 Rxf5 45. Rd5 Rxd5 46. Qxd5 Qa7 1/2-1/2

[Event "POL-chT 1st League"]
[Site "Sypniewo"]
[Date "2022.09.05"]
[Round "3.10"]
[White "Reza, Wojciech"]
[Black "Lapaj, Mateusz"]
[Result "1/2-1/2"]
[WhiteElo "2287"]
[BlackElo "2216"]
[PlyCount "90"]
[EventDate "2022.09.03"]
[EventType "team-swiss"]
[EventRounds "9"]
[EventCountry "POL"]
[SourceTitle "CBM 210 Extra"]
[Source "ChessBase"]
[SourceDate "2022.11.30"]
[SourceVersion "1"]
[SourceVersionDate "2022.11.30"]
[SourceQuality "1"]
[WhiteTeam "Gostynin Gostmat 83"]
[BlackTeam "Jaworzno"]
[WhiteTeamCountry "POL"]
[BlackTeamCountry "POL"]

1. c4 Nf6 2. Nf3 g6 3. g3 Bg7 4. Bg2 0-0 5. 0-0 d6 6. Nc3 Nc6 7. d3 e5 8. Rb1 a5 9. a3 Re8 10. e4 Bg4 11. h3 Bxf3 12. Bxf3 Nd4 13. Bg2 Nd7 14. Be3 Nc5 15. b4 axb4 16. axb4 Nce6 17. Ne2 Qd7 18. Nxd4 Nxd4 19. Bxd4 exd4 20. Ra1 h5 21. h4 Reb8 22. b5 Qc8 23. Qb3 Rxa1 24. Rxa1 Ra8 25. Ra4 Rxa4 26. Qxa4 b6 27. Qa7 Bf6 28. Kh2 Kg7 29. Bh3 Qd8 30. Kg2 g5 31. hxg5 Bxg5 32. f4 Bh6 33. Qa1 Qf6 34. Qd1 h4 35. Qg4+ Kh7 36. Qd7 hxg3 37. Bf5+ Kg7 38. Kxg3 Bxf4+ 39. Kxf4 Qh4+ 40. Bg4 Qh2+ 41. Kf3 Qh1+ 42. Kg3 Qe1+ 43. Kg2 Qd2+ 44. Kf1 Qc1+ 45. Kg2 Qd2+ 1/2-1/2

[Event "POL-chT 1st League"]
[Site "Sypniewo"]
[Date "2022.09.04"]
[Round "2.8"]
[White "Lapaj, Mateusz"]
[Black "Szymanski, Piotr"]
[Result "1-0"]
[WhiteElo "2216"]
[BlackElo "2227"]
[PlyCount "115"]
[EventDate "2022.09.03"]
[EventType "team-swiss"]
[EventRounds "9"]
[EventCountry "POL"]
[SourceTitle "CBM 210 Extra"]
[Source "ChessBase"]
[SourceDate "2022.11.30"]
[SourceVersion "1"]
[SourceVersionDate "2022.11.30"]
[SourceQuality "1"]
[WhiteTeam "Jaworzno"]
[BlackTeam "Chroscice Victoria"]
[WhiteTeamCountry "POL"]
[BlackTeamCountry "POL"]

1. e4 g6 2. d4 Bg7 3. Nc3 Nc6 4. d5 Nd4 5. Be3 c5 6. Nge2 Nxe2 7. Bxe2 d6 8. Qd2 a6 9. 0-0 Nf6 10. Bh6 0-0 11. Bxg7 Kxg7 12. a4 Qa5 13. Ra3 Qb4 14. Rb3 Qd4 15. Qf4 Ne8 16. Qg3 Nf6 17. Qf4 Ne8 18. Rd1 Qf6 19. Qg3 g5 20. Bg4 e6 21. dxe6 fxe6 22. e5 Qxe5 23. Qxe5+ dxe5 24. Ne4 Nf6 25. Nxf6 Rxf6 26. Rd8 Rf7 27. Rf3 Rd7 28. Rff8 Rxd8 29. Rxd8 Kf6 30. Kf1 e4 31. a5 Ke5 32. Re8 b5 33. axb6 Bb7 34. Rxe6+ Kd4 35. Ke2 Rb8 36. Rd6+ Ke5 37. Re6+ Kd4 38. Rd6+ Ke5 39. Rh6 Bd5 40. Ke3 a5 41. h4 gxh4 42. Rxh7 Rxb6 43. Rh5+ Kd6 44. Rh6+ Kc7 45. Rxb6 Kxb6 46. Bf5 Kc7 47. Bxe4 Be6 48. Kf4 Kd6 49. c3 h3 50. g4 h2 51. Kg3 Ke5 52. Bg2 Kf6 53. f4 Bd7 54. Bf3 Kg6 55. Kxh2 Kf6 56. Kg3 Kg6 57. Be4+ Kf6 58. g5+ 1-0

[Event "POL-chT 1st League"]
[Site "Sypniewo"]
[Date "2022.09.03"]
[Round "1.9"]
[White "Cukrowski, Filip"]
[Black "Lapaj, Mateusz"]
[Result "1-0"]
[WhiteElo "2404"]
[BlackElo "2216"]
[PlyCount "67"]
[EventDate "2022.09.03"]
[EventType "team-swiss"]
[EventRounds "9"]
[EventCountry "POL"]
[SourceTitle "CBM 210 Extra"]
[Source "ChessBase"]
[SourceDate "2022.11.30"]
[SourceVersion "1"]
[SourceVersionDate "2022.11.30"]
[SourceQuality "1"]
[WhiteTeam "Opole Rodlo"]
[BlackTeam "Jaworzno"]
[WhiteTeamCountry "POL"]
[BlackTeamCountry "POL"]

1. d4 Nf6 2. g3 g6 3. Bg2 Bg7 4. e4 d6 5. Nc3 0-0 6. Nge2 Nbd7 7. 0-0 e5 8. h3 exd4 9. Nxd4 Re8 10. Re1 Nc5 11. Nb3 Nxb3 12. axb3 Bd7 13. e5 dxe5 14. Bxb7 Bxh3 15. Qxd8 Raxd8 16. Rxa7 Bf5 17. Bc6 Re6 18. Rxc7 Bxc2 19. b4 Ne8 20. Rd7 Rxd7 21. Bxd7 Re7 22. Bc6 Nd6 23. b5 Nc4 24. Nd5 Re6 25. Ne3 Nxe3 26. Bxe3 Bf8 27. Rc1 Bd3 28. b6 Bd6 29. b7 Bb8 30. Bd7 Rd6 31. Bh6 f5 32. Be6+ Rxe6 33. Rc8+ Kf7 34. Rxb8 1-0

[Event "Rubinstein Memorial-A 55th"]
[Site "Polanica Zdroj"]
[Date "2019.08.22"]
[Round "6"]
[White "Lapaj, Mateusz"]
[Black "Hetzer, Volkhard"]
[Result "1-0"]
[WhiteElo "2233"]
[BlackElo "1931"]
[PlyCount "65"]
[EventDate "2019.08.17"]
[EventType "swiss"]
[EventRounds "9"]
[EventCountry "POL"]
[SourceTitle "EXT 2020"]
[Source "ChessBase"]
[SourceDate "2019.10.17"]
[SourceVersion "1"]
[SourceVersionDate "2019.10.17"]
[SourceQuality "1"]

1. d4 d5 2. Nf3 Nf6 3. c4 c6 4. Nc3 a6 5. c5 Nbd7 6. Bf4 Nh5 7. e3 Nxf4 8. exf4 Nf6 9. Ne5 g6 10. Bd3 Bf5 11. Bxf5 gxf5 12. 0-0 Bg7 13. Re1 0-0 14. Re3 Kh8 15. Rh3 e6 16. Ne2 Ne4 17. f3 Nf6 18. Qe1 Ne8 19. Kh1 Rc8 20. g4 fxg4 21. fxg4 Kg8 22. g5 f6 23. Nf3 Rc7 24. Qh4 Kf7 25. g6+ Ke7 26. gxh7 Kd7 27. Rg1 Rh8 28. f5 e5 29. dxe5 fxe5 30. Rxg7+ Nxg7 31. Nxe5+ Kc8 32. Qxd8+ Kxd8 33. Ng6 1-0

[Event "Rubinstein Memorial-A 55th"]
[Site "Polanica Zdroj"]
[Date "2019.08.20"]
[Round "4"]
[White "Lapaj, Mateusz"]
[Black "Betkowski, Andrzej"]
[Result "1-0"]
[WhiteElo "2233"]
[BlackElo "2023"]
[PlyCount "143"]
[EventDate "2019.08.17"]
[EventType "swiss"]
[EventRounds "9"]
[EventCountry "POL"]
[SourceTitle "EXT 2020"]
[Source "ChessBase"]
[SourceDate "2019.10.17"]
[SourceVersion "1"]
[SourceVersionDate "2019.10.17"]
[SourceQuality "1"]

1. e4 e6 2. d4 d5 3. Nc3 Bb4 4. e5 Ne7 5. Bd2 b6 6. Qg4 Nf5 7. Bd3 h5 8. Qf4 g5 9. Qxg5 Qxg5 10. Bxg5 Nxd4 11. 0-0-0 Be7 12. h4 c5 13. Nb5 Nxb5 14. Bxb5+ Bd7 15. Be2 Bc6 16. f4 Nd7 17. Bf3 Rc8 18. Ne2 d4 19. Bxc6 Rxc6 20. c3 dxc3 21. Nxc3 f6 22. exf6 Nxf6 23. Rhe1 Kf7 24. Re5 Rd6 25. Rde1 Ng4 26. R5e2 a6 27. Ne4 Rc6 28. Bxe7 Kxe7 29. Ng5 Rh6 30. f5 e5 31. Nf3 Rhd6 32. Nxe5 Nxe5 33. Rxe5+ Kf6 34. Kc2 b5 35. g3 c4 36. Re8 Rd3 37. Rh8 Kxf5 38. Rxh5+ Kg4 39. Rg5+ Kh3 40. h5 Rf6 41. Re2 Rxg3 42. Rxg3+ Kxg3 43. Kc3 Kf3 44. Rd2 Rh6 45. Rd5 Ke4 46. Rg5 Rh8 47. a4 bxa4 48. Rc5 Rh6 49. Rxc4+ Ke3 50. Rxa4 Rxh5 51. Rxa6 Rc5+ 52. Kb4 Rc8 53. Kb5 Kd4 54. b4 Kd5 55. Rb6 Ra8 56. Rh6 Rb8+ 57. Ka5 Kc4 58. Rc6+ Kd5 59. b5 Ra8+ 60. Kb6 Ra3 61. Rc1 Rg3 62. Ka6 Ra3+ 63. Kb7 Kd6 64. b6 Kd7 65. Rd1+ Ke7 66. Kc7 Rc3+ 67. Kb8 Ra3 68. b7 Ra2 69. Rd4 Ra1 70. Kc7 Rc1+ 71. Kb6 Rb1+ 72. Kc6 1-0

[Event "Warsaw Najdorf Memorial op-A 17th"]
[Site "Warsaw"]
[Date "2019.07.11"]
[Round "6"]
[White "Lapaj, Mateusz"]
[Black "Cieslak, Wiktoria"]
[Result "1-0"]
[WhiteElo "2223"]
[BlackElo "2001"]
[PlyCount "93"]
[EventDate "2019.07.06"]
[EventType "swiss"]
[EventRounds "9"]
[EventCountry "POL"]
[SourceTitle "CBM 191 Extra"]
[Source "ChessBase"]
[SourceDate "2019.09.30"]
[SourceVersion "1"]
[SourceVersionDate "2019.09.30"]
[SourceQuality "1"]

1. e4 c5 2. c3 Nf6 3. e5 Nd5 4. Nf3 Nc6 5. Bc4 e6 6. 0-0 d6 7. d4 cxd4 8. cxd4 Be7 9. Qe2 0-0 10. Nc3 Nc7 11. Rd1 d5 12. Bd3 f5 13. exf6 Bxf6 14. Bf4 Kh8 15. Be5 Bxe5 16. Nxe5 Nxe5 17. dxe5 Qg5 18. Rac1 Bd7 19. g3 Rac8 20. h4 Qh6 21. Qd2 Qxd2 22. Rxd2 Nb5 23. Bxb5 Bxb5 24. f4 Rfd8 25. Rd4 a5 26. Kf2 Ba6 27. Rcd1 b5 28. a3 g6 29. Ke3 Rf8 30. Rc1 Rf7 31. Rdd1 Rfc7 32. Ne2 b4 33. Rxc7 Rxc7 34. Rc1 Rb7 35. Nd4 bxa3 36. bxa3 Bc4 37. Nxe6 Rb3+ 38. Kd4 Rxa3 39. Rb1 Rb3 40. Ra1 Rxg3 41. Rxa5 Kg8 42. Ra8+ Kf7 43. Ng5+ Ke7 44. Ra7+ Ke8 45. e6 Rg4 46. Ke5 d4 47. Kd6 1-0

[Event "Warsaw Najdorf Memorial op-A 17th"]
[Site "Warsaw"]
[Date "2019.07.07"]
[Round "2"]
[White "Lapaj, Mateusz"]
[Black "Swiderski, Radoslaw"]
[Result "1/2-1/2"]
[WhiteElo "2223"]
[BlackElo "2044"]
[PlyCount "83"]
[EventDate "2019.07.06"]
[EventType "swiss"]
[EventRounds "9"]
[EventCountry "POL"]
[SourceTitle "CBM 191 Extra"]
[Source "ChessBase"]
[SourceDate "2019.09.30"]
[SourceVersion "1"]
[SourceVersionDate "2019.09.30"]
[SourceQuality "1"]

1. e4 c5 2. Nf3 d6 3. d4 cxd4 4. Nxd4 Nf6 5. Nc3 Nc6 6. Bc4 Qb6 7. Nb3 e6 8. Bf4 Ne5 9. Be2 Be7 10. Qd2 a6 11. f3 Bd7 12. g4 h6 13. 0-0-0 0-0-0 14. h4 Qc7 15. Be3 Bc6 16. g5 hxg5 17. hxg5 Nfd7 18. f4 Ng6 19. Bh5 Nc5 20. Bxg6 fxg6 21. Nxc5 dxc5 22. Qe2 Kb8 23. Rxh8 Rxh8 24. Qc4 Rh3 25. Bxc5 Qxf4+ 26. Kb1 Qf7 27. Rf1 Rf3 28. Rxf3 Qxf3 29. a3 Bxc5 30. Qxc5 Qf4 31. Qd4 Qxg5 32. Qxg7 Qg4 33. Qf8+ Ka7 34. Qc5+ Kb8 35. Qd6+ Ka8 36. Qf8+ Ka7 37. Qc5+ Ka8 38. Qf8+ Ka7 39. Qc5+ Ka8 40. Qf8+ Ka7 41. Qc5+ Ka8 42. Qf8+ 1/2-1/2

[Event "Warsaw Najdorf Memorial op-A 17th"]
[Site "Warsaw"]
[Date "2019.07.06"]
[Round "1"]
[White "Shevchenko, Kirill"]
[Black "Lapaj, Mateusz"]
[Result "1-0"]
[WhiteElo "2536"]
[BlackElo "2223"]
[PlyCount "55"]
[EventDate "2019.07.06"]
[EventType "swiss"]
[EventRounds "9"]
[EventCountry "POL"]
[SourceTitle "CBM 191 Extra"]
[Source "ChessBase"]
[SourceDate "2019.09.30"]
[SourceVersion "1"]
[SourceVersionDate "2019.09.30"]
[SourceQuality "1"]

1. d4 Nf6 2. Bf4 g6 3. Nc3 d5 4. e3 Bg7 5. h4 c6 6. Nf3 Bg4 7. Be2 Nbd7 8. Ne5 Bxe2 9. Qxe2 Ne4 10. Nxe4 Nxe5 11. Bxe5 Bxe5 12. Nc5 Qc7 13. h5 Bf6 14. 0-0-0 0-0-0 15. f4 e6 16. c3 Be7 17. Nd3 c5 18. Kb1 Kb8 19. Rh3 Bd6 20. Rdh1 c4 21. Ne5 f6 22. hxg6 fxe5 23. Rxh7 Rxh7 24. Rxh7 Rd7 25. g7 Qc8 26. Rh8 Rd8 27. Qh5 exf4 28. Rxd8 1-0

[Event "Rubinstein Memorial-A 54th"]
[Site "Polanica Zdroj"]
[Date "2018.08.20"]
[Round "3"]
[White "Schoenau, Helmut"]
[Black "Lapaj, Mateusz"]
[Result "0-1"]
[WhiteElo "1947"]
[BlackElo "2198"]
[PlyCount "52"]
[EventDate "2018.08.18"]
[EventType "swiss"]
[EventRounds "9"]
[EventCountry "POL"]
[SourceTitle "CBM 186 Extra"]
[Source "ChessBase"]
[SourceDate "2018.08.24"]
[SourceVersion "1"]
[SourceVersionDate "2018.08.24"]
[SourceQuality "1"]

1. c4 Nf6 2. Nc3 g6 3. e4 d6 4. g3 Bg7 5. Bg2 c5 6. Nge2 0-0 7. d3 Nc6 8. a3 Nd4 9. Nxd4 cxd4 10. Ne2 Qb6 11. b4 a5 12. Bd2 axb4 13. axb4 Bg4 14. h3 Bxe2 15. Kxe2 Nd7 16. Qb3 e6 17. Rhb1 Kh8 18. g4 f5 19. Bg5 fxe4 20. Bxe4 Rxa1 21. Rxa1 Nc5 22. Qa2 Nxe4 23. dxe4 d3+ 24. Kf1 d2 25. c5 Qb5+ 26. Kg1 Qe2 0-1

[Event "Rubinstein Memorial-A 54th"]
[Site "Polanica Zdroj"]
[Date "2018.08.19"]
[Round "2"]
[White "Lapaj, Mateusz"]
[Black "Pawicka, Magdalena"]
[Result "1-0"]
[WhiteElo "2198"]
[BlackElo "1647"]
[PlyCount "93"]
[EventDate "2018.08.18"]
[EventType "swiss"]
[EventRounds "9"]
[EventCountry "POL"]
[SourceTitle "CBM 186 Extra"]
[Source "ChessBase"]
[SourceDate "2018.08.24"]
[SourceVersion "1"]
[SourceVersionDate "2018.08.24"]
[SourceQuality "1"]

1. e4 e5 2. Nf3 Nc6 3. Bb5 a6 4. Bxc6 dxc6 5. 0-0 Qf6 6. d4 exd4 7. Qxd4 Bg4 8. Nbd2 Qxd4 9. Nxd4 0-0-0 10. N4b3 Ne7 11. f3 Be6 12. Nc5 Ng6 13. Nxe6 fxe6 14. Nb3 Bd6 15. Be3 Ne5 16. Bd4 Rhg8 17. Bxe5 Bxe5 18. c3 b6 19. Rad1 Rxd1 20. Rxd1 Rd8 21. Rxd8+ Kxd8 22. g3 Kd7 23. Kf2 c5 24. f4 Bf6 25. e5 Be7 26. c4 Kc6 27. Ke3 b5 28. Kd3 Kb6 29. Nd2 Kc6 30. b3 Kb6 31. g4 Kc6 32. g5 Bf8 33. h4 Kd7 34. cxb5 axb5 35. h5 Kc6 36. Ne4 Kd7 37. Nc3 Kc6 38. a4 bxa4 39. bxa4 h6 40. Kc4 Be7 41. Ne4 Kb6 42. g6 Bf8 43. Ng3 Kc6 44. a5 Be7 45. f5 exf5 46. Nxf5 Bf8 47. e6 1-0

[Event "POL-chT Academic"]
[Site "Katowice"]
[Date "2018.02.03"]
[Round "3.16"]
[White "Lapaj, Mateusz"]
[Black "Parol, Pawel"]
[Result "1-0"]
[WhiteElo "2167"]
[BlackElo "2122"]
[PlyCount "89"]
[EventDate "2018.02.03"]
[EventType "team-swiss (rapid)"]
[EventRounds "9"]
[EventCountry "POL"]
[SourceTitle "CBM 182 Extra"]
[Source "ChessBase"]
[SourceDate "2018.02.23"]
[SourceVersion "1"]
[SourceVersionDate "2018.02.23"]
[SourceQuality "1"]
[WhiteTeam "Warszawa PW"]
[BlackTeam "Wroclaw PWr"]
[WhiteTeamCountry "POL"]
[BlackTeamCountry "POL"]

1. e4 e6 2. d4 d5 3. Nc3 Bb4 4. e5 c5 5. Bd2 Ne7 6. Nb5 Bxd2+ 7. Qxd2 0-0 8. f4 cxd4 9. Nf3 Nbc6 10. Bd3 Qa5 11. Qxa5 Nxa5 12. Nbxd4 Bd7 13. Kf2 Rac8 14. Rhd1 Nc4 15. Bxc4 Rxc4 16. c3 Rfc8 17. Ke3 h6 18. g3 b5 19. a3 a5 20. Nd2 R4c7 21. N2b3 a4 22. Nc1 Rb8 23. Nd3 Nc6 24. Nxc6 Rxc6 25. Nb4 Rc4 26. Rd4 Rbc8 27. Rad1 Kf8 28. Rxc4 bxc4 29. Kd4 Ke7 30. Rf1 f5 31. exf6+ Kxf6 32. f5 Rb8 33. Rf2 exf5 34. Nxd5+ Kg5 35. Kxc4 Be6 36. Kd4 Rd8 37. c4 Kg4 38. Ke5 Bxd5 39. cxd5 g5 40. d6 h5 41. Ke6 Re8+ 42. Kf7 Re4 43. Rd2 f4 44. gxf4 Rxf4+ 45. Kg7 1-0

[Event "POL-chT Academic"]
[Site "Katowice"]
[Date "2018.02.03"]
[Round "4.10"]
[White "Smolka, Marcin"]
[Black "Lapaj, Mateusz"]
[Result "1-0"]
[WhiteElo "2178"]
[BlackElo "2167"]
[PlyCount "37"]
[EventDate "2018.02.03"]
[EventType "team-swiss (rapid)"]
[EventRounds "9"]
[EventCountry "POL"]
[SourceTitle "CBM 182 Extra"]
[Source "ChessBase"]
[SourceDate "2018.02.23"]
[SourceVersion "1"]
[SourceVersionDate "2018.02.23"]
[SourceQuality "1"]
[WhiteTeam "Krakow AGH"]
[BlackTeam "Warszawa PW"]
[WhiteTeamCountry "POL"]
[BlackTeamCountry "POL"]

1. e4 e6 2. Nf3 d5 3. e5 c5 4. b4 cxb4 5. a3 bxa3 6. c3 Nc6 7. d4 Bd7 8. Nxa3 a6 9. Bd3 Nge7 10. h4 Nc8 11. Ng5 Be7 12. Qf3 Bxg5 13. hxg5 N8e7 14. Nc2 Qc7 15. Ba3 Nc8 16. g6 fxg6 17. Bxg6+ Kd8 18. Rxh7 Rg8 19. Rxg7 1-0

[Event "POL-ch Academic"]
[Site "Katowice"]
[Date "2018.02.02"]
[Round "5"]
[White "Barglowski, Filip"]
[Black "Lapaj, Mateusz"]
[Result "1-0"]
[WhiteElo "2311"]
[BlackElo "2167"]
[PlyCount "101"]
[EventDate "2018.02.02"]
[EventType "swiss (rapid)"]
[EventRounds "9"]
[EventCountry "POL"]
[SourceTitle "CBM 182 Extra"]
[Source "ChessBase"]
[SourceDate "2018.02.23"]
[SourceVersion "1"]
[SourceVersionDate "2018.02.23"]
[SourceQuality "1"]

1. e4 c5 2. Nf3 Nc6 3. Bb5 g6 4. 0-0 Bg7 5. c3 Nf6 6. Re1 0-0 7. h3 a6 8. Bf1 d6 9. d4 b5 10. d5 Na5 11. a4 Rb8 12. axb5 axb5 13. Bf4 Nd7 14. Nbd2 b4 15. Qc2 Qb6 16. c4 b3 17. Qc1 Ba6 18. e5 dxe5 19. Nxe5 Nxe5 20. Bxe5 Bxe5 21. Rxe5 Qc7 22. Qe1 Rb4 23. Rxe7 Qb6 24. Qe4 Nb7 25. Qf4 Nd6 26. Qf6 Bxc4 27. Rd7 Nc8 28. d6 Be6 29. Nc4 Rxc4 30. Bxc4 Bxd7 31. Rd1 Qb4 32. Bd5 c4 33. Qf4 Nxd6 34. Bf3 Bf5 35. Rxd6 Qe1+ 36. Kh2 Re8 37. Bd5 Qb1 38. g4 Be6 39. Bxe6 fxe6 40. Qe5 Qf1 41. Qe3 c3 42. Rxe6 Rxe6 43. Qxe6+ Kf8 44. Qf6+ Kg8 45. Qe6+ Kf8 46. Qd6+ Kg8 47. Qd5+ Kf8 48. Qc5+ Kg8 49. bxc3 b2 50. Qc8+ Kg7 51. Qb7+ 1-0

[Event "Rubinstein Memorial-A 53rd"]
[Site "Polanica Zdroj"]
[Date "2017.08.24"]
[Round "6"]
[White "Bilczewski, Kacper"]
[Black "Lapaj, Mateusz"]
[Result "1-0"]
[WhiteElo "2191"]
[BlackElo "2093"]
[PlyCount "155"]
[EventDate "2017.08.19"]
[EventType "swiss"]
[EventRounds "9"]
[EventCountry "POL"]
[SourceTitle "CBM 180 Extra"]
[Source "ChessBase"]
[SourceDate "2017.10.06"]
[SourceVersion "1"]
[SourceVersionDate "2017.10.06"]
[SourceQuality "1"]

1. e4 c5 2. c3 e6 3. d4 d5 4. exd5 Qxd5 5. Nf3 Nc6 6. Be2 Nf6 7. 0-0 Be7 8. c4 Qd8 9. dxc5 Qxd1 10. Rxd1 Bxc5 11. Nc3 a6 12. a3 0-0 13. b4 Bb6 14. Bf4 Re8 15. c5 Ba7 16. Be5 Nxe5 17. Nxe5 Bb8 18. Nc4 Bc7 19. Bf3 e5 20. Nd6 Bxd6 21. Rxd6 h6 22. Nd5 Nxd5 23. Bxd5 Rb8 24. Rd1 Kf8 25. f3 Be6 26. Bxe6 fxe6 27. Kf2 Kf7 28. Ke3 Kf6 29. Ke4 a5 30. Rb6 axb4 31. axb4 Re7 32. c6 Rc8 33. cxb7 Rb8 34. b5 Rexb7 35. Rxb7 Rxb7 36. Rb1 Rb6 37. Rb2 Ke7 38. Kxe5 Kd7 39. h3 Rd6 40. b6 Rd5+ 41. Ke4 Kc8 42. b7+ Kb8 43. g3 Rd1 44. Kf4 Rd4+ 45. Ke3 Rd7 46. Ke4 Rd1 47. Rb3 Re1+ 48. Kf4 Rd1 49. h4 Rd2 50. Kg4 Rd5 51. f4 h5+ 52. Kf3 Rc5 53. Ke4 Ra5 54. Kf3 Rc5 55. g4 hxg4+ 56. Kxg4 Rc1 57. Rb6 Rg1+ 58. Kh5 Re1 59. Kg6 Rg1+ 60. Kh5 Re1 61. Rb5 Rf1 62. Kg4 Rg1+ 63. Kf3 Rh1 64. h5 Rh4 65. Ke4 Rh1 66. Rg5 Kxb7 67. Rxg7+ Kc6 68. Ke5 Rxh5+ 69. Kxe6 Rh1 70. Re7 Rh6+ 71. Ke5 Rh1 72. f5 Rf1 73. Kf6 Rf2 74. Re1 Kd7 75. Kg6 Rg2+ 76. Kf7 Rf2 77. Rd1+ Kc7 78. f6 1-0

[Event "Rubinstein Memorial-A 53rd"]
[Site "Polanica Zdroj"]
[Date "2017.08.23"]
[Round "5"]
[White "Lapaj, Mateusz"]
[Black "Goluch, Piotr"]
[Result "1/2-1/2"]
[WhiteElo "2093"]
[BlackElo "2360"]
[PlyCount "100"]
[EventDate "2017.08.19"]
[EventType "swiss"]
[EventRounds "9"]
[EventCountry "POL"]
[SourceTitle "CBM 180 Extra"]
[Source "ChessBase"]
[SourceDate "2017.10.06"]
[SourceVersion "1"]
[SourceVersionDate "2017.10.06"]
[SourceQuality "1"]

1. e4 c6 2. d4 d5 3. e5 Bf5 4. Nf3 e6 5. Be2 Bb4+ 6. c3 Ba5 7. Bg5 f6 8. exf6 Nxf6 9. Qb3 Nbd7 10. Nbd2 Qb8 11. 0-0 0-0 12. Rae1 Bc7 13. Bh4 Kh8 14. Bg3 b6 15. Nh4 Bf4 16. Nxf5 exf5 17. Bd3 Ne4 18. Bxe4 fxe4 19. c4 Bxg3 20. Qxg3 dxc4 21. Qxb8 Raxb8 22. Nxc4 Nf6 23. Nd6 Rbd8 24. Nxe4 Rxd4 25. Nxf6 gxf6 26. Re7 Rd2 27. Rxa7 Rxb2 28. Rd1 Kg8 29. g3 Rf7 30. Rd8+ Kg7 31. Rdd7 Rxd7 32. Rxd7+ Kg6 33. Rc7 c5 34. a4 Kf5 35. a5 Ke4 36. axb6 Kf3 37. h4 Rxf2 38. Rxc5 Rb2 39. Rf5+ Kxg3 40. Rxf6 Rb1+ 41. Rf1 Rxb6 42. Ra1 h5 43. Ra3+ Kxh4 44. Ra4+ Kg5 45. Ra5+ Kg6 46. Kg2 Rf6 47. Kg3 Rf5 48. Rxf5 Kxf5 49. Kh4 Kf4 50. Kxh5 Ke5 1/2-1/2

[Event "Rubinstein Memorial-A 53rd"]
[Site "Polanica Zdroj"]
[Date "2017.08.22"]
[Round "4"]
[White "Lapaj, Mateusz"]
[Black "Nyvlt, Otto"]
[Result "1-0"]
[WhiteElo "2093"]
[BlackElo "1964"]
[PlyCount "42"]
[EventDate "2017.08.19"]
[EventType "swiss"]
[EventRounds "9"]
[EventCountry "POL"]
[SourceTitle "CBM 180 Extra"]
[Source "ChessBase"]
[SourceDate "2017.10.06"]
[SourceVersion "1"]
[SourceVersionDate "2017.10.06"]
[SourceQuality "1"]

1. e4 g6 2. d4 Bg7 3. c4 d6 4. Nc3 Nf6 5. f3 0-0 6. Be3 c6 7. Qd2 a6 8. 0-0-0 b5 9. Bh6 Qa5 10. Kb1 bxc4 11. h4 Re8 12. Bxg7 Kxg7 13. h5 gxh5 14. Bxc4 h6 15. g4 Qg5 16. f4 Qxg4 17. Nh3 Qg6 18. f5 Qh7 19. Bd3 e5 20. fxe6 Bxe6 21. e5 Bc8 1-0